| 000 | 00687cam a22001811 4500 | ||
|---|---|---|---|
| 082 |
_a621.3121 _bBAP _cL-10,P-35 |
||
| 100 | 1 |
_aBaptidanov, Lev Nikolaevich. _941322 |
|
| 245 | 1 | 0 |
_aPower stations and substations _c[by] L. Baptidanov and V. Tarasov. Translated from the Russian by J. Feinberg. |
| 260 |
_aMoscow, _bPeace Publishers _c[196-?] |
||
| 300 |
_a462 p. _billus. _c23 cm. |
||
| 500 | _aTranslation of Ėlektricheskie stant͡s︡ii i podstant͡s︡ii. | ||
| 526 |
_a0 _b0 _c0 _d621_312100000000000_BAP |
||
| 650 | 0 |
_aElectric power-plants. _935699 |
|
| 650 | 0 |
_aElectric substations. _941323 |
|
| 650 | 0 |
_aMCE _9379 |
|
| 700 | 1 |
_aTarasov, Vladimir Ilʹich, _941324 |
|
| 942 |
_2ddc _cBK |
||
| 999 |
_c545466 _d545466 |
||